LEADER 00632nam a2200181 i 4500 001 000000228678 003 CaOOAMICUS 005 20140409000000.0 008 140409s1916 it u000 u lat u 013 $a207580 040 $aSeMil$bita 245 13$aDe temporibus hebraicis. 300 $a32 p. 700 1 $aJoüon, Paul.$0(OLS)http://semarc/name/6115 773 0 $aJoüon, Paul$tSyntaxis hebraica.$dRomae : Pontificii Instituti Biblici, 1916.$g1$w()29686 850 $aSeMil 852 $aSeMil$W1$xVenegono$y1$m2Y V 100$j179024$B179024$CSeMilBibl$Z2$F190100 $81 996 $6245$aDe temporibus hebraicis$9(OLS)http://semarc/title/327295 LEADER 00971nam a2200217 i 4500 001 000000074176 003 CaOOAMICUS 005 20110523000000.0 008 110523s1816 it u000 u mul u 013 $a45348 026 $alica o-a. i.o, amhe (7) 1816 (A) 040 $aSeMil$bita 245 10$aVol. 1. 260 $aFirenze :$bNella Tipografia di Giovanni Marenigh,$c1816. 300 $a40, 592 p. 500 $aSegn. : A-E4 74/4. 773 0 $tDizionario italiano, ed inglese di Giuseppe Baretti.$bPrima edizione fiorentina diligentemente riveduta, ricorretta, riordinata, e accresciuta d'una gran quantita di vocaboli mancanti ...$dFirenze : Nella Tipografia di Giovanni Marenigh, 1816.$g1$w()24976 850 $aSeMil 852 $aSeMil$W1$xVenegono$y1$m1B VI 51 FA$j40328$B40328$CSeMilBibl$Z2$F40332 $8I 996 $6245$aVol. 1$9(OLS)http://semarc/title/13429 996 $6260$aFirenze :$bNella Tipografia di Giovanni Marenigh$9(OLS)http://semarc/publisher/36308